The Office Cast Match (US) Quiz Stats

 Plays Quiz Updated Jun 24, 2017

Support Sporcle.
Go Orange.
Score 0/24 Timer 05:00
2 Plays Today
% Correct
Michael Scott
97.5%
Jim Halpert
96.8%
Pam Halpert (Beesly)
95.7%
Dwight Schrute
95.3%
Oscar Martinez
94.7%
Creed Bratton
94.7%
Angela Martin
94.2%
Phyllis Lapin-Vance
93.6%
Kelly Kapoor
93.2%
Ryan Howard
92.5%
Andy Bernard
91.7%
Karen Filippelli
82.8%
% Correct
Darryl Philbin
79.3%
Kelly Erin Hannon
78.9%
Kevin Malone
78.3%
Charles Miner
76.4%
Robert California
75.6%
Jo Bennett
74.2%
Meredith Palmer
70.6%
Stanley Hudson
70.4%
Holly Flax
66.6%
Gabe Lewis
66.1%
Todd Packer
64.4%
Jan Levinson
61.8%

You're not logged in!

Compare scores with friends on all Sporcle quizzes.
OR
Log In
Forgot?

From the Vault

Anything but the MLB

by JohnFran

Be careful not to knock it into the park.
Remove Ads.
Support Sporcle.
Get the best of Sporcle when you Go Orange. This ad-free experience offers more features, more stats, and more fun while also helping to support Sporcle. Thank you for becoming a member.

Show Comments

Extras

Top Quizzes Today


Score Distribution

Your Account Isn't Verified!

In order to create a playlist on Sporcle, you need to verify the email address you used during registration. Go to your Sporcle Settings to finish the process.

Report this User

Report this user for behavior that violates our Community Guidelines.

Details: